| 000 | 00772nam a2200241 a 4500 | ||
|---|---|---|---|
| 999 |
_c1671 _d1671 |
||
| 001 | 1671 | ||
| 003 | BD-JhCC | ||
| 005 | 20171023111029.0 | ||
| 008 | 171023s2002 bg |||| ||a| 001 0 ben d | ||
| 020 | _a984833002X | ||
| 035 | _a(BD-JhCC)1671 | ||
| 040 |
_aBD-JhCC _dBD-JhCC |
||
| 041 | _aben | ||
| 082 |
_a823.914 _bNPL 2002 |
||
| 100 | _aনাইপল, ভি. এস. | ||
| 245 |
_aএ হা হাউজ ফর মিঃ বিশ্বাস / _cভি. এস. নাইপল |
||
| 260 |
_aঢাকা : _bঅন্যধারা প্রকাশনী, _c২০০২. |
||
| 300 |
_a319 p. : _c21 cm. |
||
| 650 | _aAutonomy (psychology) | ||
| 700 | _aউদ্দিন, মোহাম্মদ নাজিম | ||
| 942 |
_2ddc _cBK |
||